Belgium WC 2022 Squad - Statistics

General Stats
  • This quiz has been taken 73 times
  • The average score is 20 of 26
Answer Stats
Hint # Answer % Correct
Real Madrid 1 Thibaut Courtois
98%
Real Madrid 10 Eden Hazard
97%
Man City 7 Kevin de Bruyne
97%
Dortmund 16 Thorgan Hazard
97%
Inter 9 Romelu Lukaku
95%
Atletico 6 Axel Witsel
92%
Leicester City 8 Youri Tielemans
90%
Anderlecht 5 Jan Vertonghen
81%
Royal Antwerp 2 Toby Alderweireld
81%
Atletico 11 Yannick Carrasco
81%
Dortmund 15 Thomas Meunier
79%
Everton 18 Amadou Onana
76%
Galatasaray 14 Dries Mertens
76%
Club Brugge 20 Hans Vanaken
74%
Stade Rennais 25 Jeremy Doku
74%
Leicester City 21 Timothy Castagne
73%
Leicester City 4 Wout Faes
73%
Wolfsburg 13 Koen Casteels
68%
Brighton 17 Leandro Trossard
68%
Fenerbahce 23 Michy Batshuayi
65%
Aston Villa 19 Leander Dendoncker
60%
Club Brugge 12 Simon Mignolet
58%
Stade Rennais 3 Arthur Theate
55%
Milan 22 Charles de Ketelaere
55%
Lens 24 Lois Openda
52%
Anderlecht 26 Zeno Debast
39%
No matching quizzes found
Score Distribution
Percent of People with Each Score
Percentile by Number Answered
Your Score History
You have not taken this quiz